| 000 | 00746nam a22002057a 4500 | ||
|---|---|---|---|
| 999 |
_c5488 _d5488 |
||
| 003 | AR-CdUCM | ||
| 008 | 190312b ||||| |||| 00| 0 spa d | ||
| 040 |
_aMUNICIPALIDAD PROVINCIAL DEL CUSCO _cBIBLIOTECA MUNICIPAL DEL CUSCO |
||
| 082 |
_a192.8 / _bC45 |
||
| 100 |
_aCerdá, Enrique _916480 |
||
| 245 | _aPsicometría general / | ||
| 260 |
_aBarcelona : _bHerder, _c1978. |
||
| 300 |
_a190 páginas ; _bIlustraciones, _c25 cm. |
||
| 505 | _aLa aparición y desarrollo de la psicometria -- Estadística elemental -- Estadística elemental (Continuación) -- Los test -- Cualidades de los test... | ||
| 650 |
_aPsicometría _916481 |
||
| 650 |
_aTest _97485 |
||
| 650 |
_aPsicología aplicada _99360 |
||
| 942 |
_2ddc _cLIBROS |
||
| 945 | _admma | ||